Vypaličkovala silvestrovskú masku "Babskej" robote sa prizerali aj chlapci

Bibliographic Details
Main Author: Štrompová, Alena (Author)
Format: Article
Language:Slovak
PhysicalDescription:2 obr.
Subjects:

MARC

LEADER 00000nab a2200000 a 4500
001 vtls000908637
003 SK-MaSNL
005 20260302172620.0
008 040720e20020320xo 0 slo
035 |a KE17569 
040 |a KEVKJB  |b slo  |c KEVKJB  |e AACR2 
041 0 |a slo 
044 |a xo  |c SK 
080 |a 746.21  |2 1981 
080 |a 929  |2 1981 
100 1 |a Štrompová, Alena  |4 aut  |9 589002 
245 1 0 |a Vypaličkovala silvestrovskú masku  |b "Babskej" robote sa prizerali aj chlapci 
300 |b 2 obr. 
600 0 7 |a Onušková, Jana  |2 KEVKJB  |9 878895 
650 0 7 |a paličkovaná čipka  |2 KEVKJB  |9 28807 
651 7 |a Košice (Slovensko)  |2 KEVKJB  |9 18694 
773 0 8 |t Košický večer  |g Roč. 13  |g Roč. 34, č.56, 20.3.2002, s. 5 
852 |a ZVYKNI  |b KIS3GCP 
999 |c 1399259  |d 1401189